000
00310nam a2200121 a 4500
008
100916s1978|||| d
245
1
0
_a
Holuby a jastraby. Brečtan. Popol
100
1
_a
Deledda, Grazia
260
_b
Slovenský spisovateľ
_a
Bratislava
_c
1978
020
_c
37
044
_a
xo
_c
SK
041
_a
slo
999
_c
10358
_d
10358